书目信息 |
| 题名: |
我向百姓说实话
|
|
| 作者: | 李昌平, 著 | |
| 分册: | ||
| 出版信息: | 呼和浩特 远方出版社 2004.01 |
|
| 页数: | 291页 | |
| 开本: | 21cm | |
| 丛书名: | ||
| 单 册: | ||
| 中图分类: | D422-53 | |
| 科图分类: | ||
| 主题词: | 农民--nong min--问题--中国--文集 | |
| 电子资源: | ||
| ISBN: | 7-80595-908-0 | |
| 000 | 00880nam0 2200229 450 | |
| 001 | 012008584422 | |
| 005 | 20080424111730.79 | |
| 010 | @a7-80595-908-0@dCNY20.00 | |
| 100 | @a20080424d2004 km y0chiy0120 ea | |
| 101 | 0 | @achi |
| 102 | @aCN@b150000 | |
| 105 | @ay z 000yy | |
| 106 | @ar | |
| 200 | 1 | @a我向百姓说实话@Awo xiang bai xing shuo shi hua@f李昌平著@Fli chang ping zhu |
| 210 | @a呼和浩特@c远方出版社@d2004.01 | |
| 215 | @a291页@d21cm | |
| 330 | @a以关注“三农”问题而著称的硕士乡长李昌平以《我向总理说真话》一书引起党中央、国务院“三农”问题的进一步关注。本书是近几年继续关注“三农”问题的经济论文集。在文中,李昌平对一些问题进行了思考与关注,并对解决问题提出了思路。 | |
| 606 | 0 | @a农民@Anong min@x问题@y中国@j文集 |
| 690 | @aD422-53@v4 | |
| 701 | 0 | @a李昌平,@Ali chang ping,@f1963-@4著 |
| 801 | 0 | @aCN@bQSSK@c20080424 |
| 905 | @b20703271-73@dD422-53@eL134@f3 | |
| 我向百姓说实话/李昌平著.-呼和浩特:远方出版社,2004.01 |
| 291页;21cm |
| ISBN 7-80595-908-0:CNY20.00 |
| 以关注“三农”问题而著称的硕士乡长李昌平以《我向总理说真话》一书引起党中央、国务院“三农”问题的进一步关注。本书是近几年继续关注“三农”问题的经济论文集。在文中,李昌平对一些问题进行了思考与关注,并对解决问题提出了思路。 |
| ● |
| 相关链接 |
|
|
|
正题名:我向百姓说实话
索取号:D422-53/L134
 
预约/预借
| 序号 | 登录号 | 条形码 | 馆藏地/架位号 | 状态 | 备注 |
| 1 | 703271 | 207032717 | 社科库509/509社科库 70排4列4层/ [索取号:D422-53/L134] | 在馆 | |
| 2 | 703272 | 207032726 | 社科库509/509社科库 70排4列4层/ [索取号:D422-53/L134] | 在馆 | |
| 3 | 703273 | 207032735 | 社科库509/509社科库 70排4列4层/ [索取号:D422-53/L134] | 在馆 |